| 000 | 01215camaa2200325 i 4500 | ||
|---|---|---|---|
| 999 |
_c200451189 _d69401 |
||
| 001 | 200451189 | ||
| 003 | TR-AnTOB | ||
| 005 | 20230104113325.0 | ||
| 007 | ta | ||
| 008 | 041227s1994 tu 000 0 tur d | ||
| 035 | _a(TR-AnTOB)200451189 | ||
| 040 |
_aBGZ _beng _erda _cBGZ _dTR-AnTOB |
||
| 041 | 0 | _atur | |
| 050 | 4 |
_aHD2346.G3 _bA46 1994 |
|
| 090 |
_aHD2346.G3 _bA46 1994 |
||
| 245 | 0 | 0 |
_aAlmanya'da küçük ve orta boy işletme (KOBİ) ler için girişimcilik ve teşvik programı / _cTOSYÖV. |
| 246 | 3 | 0 | _a(KOBİ) ler için girişimcilik ve teşvik programı |
| 264 | 1 |
_aAnkara : _bTOSYÖV, _c1994. |
|
| 300 |
_a234 pages : _billustrations ; _c20 cm |
||
| 336 |
_atext _btxt _2rdacontent |
||
| 337 |
_aunmediated _bn _2rdamedia |
||
| 338 |
_avolume _bnc _2rdacarrier |
||
| 650 | 7 |
_aKüçük işletmeler _zAlmanya _2etuturkob _9140030 |
|
| 650 | 7 |
_aKüçük işletmeler _zAlmanya _xDevlet politikası _2etuturkob _9140030 |
|
| 650 | 7 |
_aKüçük işletmeler _zAlmanya _xİstatistikler _2etuturkob _9140030 |
|
| 710 | 2 |
_aTürkiye Küçük ve Orta Ölçekli İşletmeler Serbest Meslek Mensupları ve Yöneticiler Vakfı _975107 |
|
| 942 |
_2lcc _cBK |
||